Normal view
MARC view
Entry Topical Term
001 - CONTROL NUMBER
- control field: 6971
003 - CONTROL NUMBER IDENTIFIER
- control field: HDC
005 - DATE AND TIME OF LATEST TRANSACTION
- control field: 20230624073238.0
008 - FIXED-LENGTH DATA ELEMENTS
- fixed length control field: 210124|| aca||aabn | a|a d
040 ## - CATALOGING SOURCE
- Original cataloging agency: HDC
- Transcribing agency: HDC
150 ## - HEADING--TOPICAL TERM
- Topical term or geographic name entry element: Islam
- General subdivision: Religious aspects
670 ## - SOURCE DATA FOUND
- Source citation: Work cat.: (HDC): Zulkiple bin Abd. Ghani, author 6968, ENTERTAINMENT IN MUSLIM MEDIA: UNSETTLED PROBLEM? /, 2009
